The magic years : (Record no. 119999)
[ view plain ]
| 000 -LEADER | |
|---|---|
| fixed length control field | 00566cam a2200205 4500 |
| 001 - CONTROL NUMBER | |
| control field | 7710925 |
| 003 - CONTROL NUMBER IDENTIFIER | |
| control field | ARRUPE |
| 005 - DATE AND TIME OF LATEST TRANSACTION | |
| control field | 20140405020011.0 |
| 008 - FIXED-LENGTH DATA ELEMENTS--GENERAL INFORMATION | |
| fixed length control field | 811121s1959 nyu 000 0 eng d |
| 035 ## - SYSTEM CONTROL NUMBER | |
| System control number | (NNNPsI)5039 |
| 035 ## - SYSTEM CONTROL NUMBER | |
| System control number | (NNC)7710925 |
| 040 ## - CATALOGING SOURCE | |
| Transcribing agency | MvI |
| 060 00 - NATIONAL LIBRARY OF MEDICINE CALL NUMBER | |
| Classification number | WS 105 |
| Item number | F812m 1959 |
| 300 ## - PHYSICAL DESCRIPTION | |
| Dimensions | 22 cm. |
| 100 1# - MAIN ENTRY--PERSONAL NAME | |
| Personal name | Fraiberg, Selma. |
| 9 (RLIN) | 8506 |
| 245 14 - TITLE STATEMENT | |
| Title | The magic years : |
| Remainder of title | understanding and handling the problems of early childhood. |
| 260 ## - PUBLICATION, DISTRIBUTION, ETC. (IMPRINT) | |
| Place of publication, distribution, etc | New York : |
| Name of publisher, distributor, etc | Scribner, |
| Date of publication, distribution, etc | [c1959] |
| 300 ## - PHYSICAL DESCRIPTION | |
| Extent | xiii, 305 p. ; |
| 942 ## - ADDED ENTRY ELEMENTS (KOHA) | |
| Source of classification or shelving scheme | Library of Congress Classification |
| Koha item type | Monograph ( Printed materials) |
| Koha issues (borrowed), all copies | 2 |
| Withdrawn status | Lost status | Source of classification or shelving scheme | Damaged status | Not for loan | Collection code | Home library | Current library | Shelving location | Date acquired | Total Checkouts | Full call number | Barcode | Date last seen | Date checked out | Price effective from | Koha item type |
|---|---|---|---|---|---|---|---|---|---|---|---|---|---|---|---|---|
| Library of Congress Classification | Main Collection | ARRUPE LIBRARY | ARRUPE LIBRARY | Main Collection | 07/02/2014 | 2 | HQ772.F68 1959 | 46500000017 | 09/05/2018 | 04/04/2014 | 07/02/2014 | Monograph ( Printed materials) |